Monsterverse Kaijus - Statistics

General Stats
  • This quiz has been taken 278 times
    152 since last reset
  • The average score is 36 of 60
Answer Stats
Movie/Novel Answer Year Released % Correct
Godzilla Godzilla 2014
96%
Godzilla Awakening Godzilla 2014
96%
Godzilla Aftershock Godzilla 2019
96%
Godzilla: King Of The Monsters Godzilla 2019
96%
Godzilla Dominion Godzilla 2021
96%
Godzilla Vs Kong Godzilla 2021
96%
Godzilla X Kong: The New Empire Godzilla 2024
96%
Monarch: Legacy Of Monsters Godzilla 2023
96%
Godzilla X Kong: The Hunted Godzilla 2024
96%
Kong: Skull Island Kong 2017
88%
Kingdom Kong Kong 2021
88%
Godzilla Vs Kong Kong 2021
88%
Godzilla X Kong: The New Empire Kong 2024
88%
Monarch: Legacy Of Monsters Kong 2023
88%
Skull Island Kong 2023
88%
Godzilla X Kong: The Hunted Kong 2024
88%
Godzilla: King Of The Monsters Mothra 2019
88%
Godzilla X Kong: The New Empire Mothra 2024
88%
Godzilla: King Of The Monsters Ghidorah 2019
80%
Godzilla: King Of The Monsters Rodan 2019
78%
Godzilla Vs Kong Skullcrawler 2021
78%
Godzilla Female MUTO 2014
74%
Godzilla Male MUTO 2014
74%
Godzilla: King Of The Monsters Behemoth 2019
72%
Godzilla Dominion Behemoth 2021
72%
Godzilla X Kong: The New Empire Skar King 2024
71%
Godzilla X Kong: The New Empire Shimo 2024
68%
Godzilla Vs Kong Mechagodzilla 2021
67%
Godzilla: King Of The Monsters Scylla 2019
66%
Godzilla Dominion Scylla 2021
66%
Godzilla X Kong: The New Empire Scylla 2024
66%
Godzilla X Kong: The Hunted Scylla 2024
66%
Godzilla Dominion Tiamat 2021
64%
Godzilla X Kong: The New Empire Tiamat 2024
64%
Godzilla Vs Kong Warbat 2021
48%
Godzilla: King Of The Monsters Methuselah 2019
47%
Monarch: Legacy Of Monsters Ion Dragon 2023
46%
Godzilla: King Of The Monsters Queen MUTO 2019
46%
Godzilla X Kong: The New Empire Suko 2024
46%
Godzilla Aftershock MUTO Prime 2019
44%
Godzilla Vs Kong Doug 2021
41%
Godzilla X Kong: The New Empire Doug 2024
41%
Kong: Skull Island Mother Longlegs 2017
36%
Monarch: Legacy Of Monsters Mother Longlegs 2023
36%
Godzilla Dagon 2014
34%
Godzilla Aftershock Dagon 2019
34%
Kong: Skull Island Sker Buffalo 2017
33%
Godzilla Dominion Amhuluk 2021
29%
Skull Island The Kraken 2023
29%
Kong: Skull Island Mire Squid 2017
28%
Kong: Skull Island Ramarak 2017
28%
Kingdom Kong Camazotz 2021
25%
Monarch: Legacy Of Monsters Frost Vark 2023
24%
Godzilla Awakening Shinomura 2014
22%
Kong: Skull Island Spore Mantis 2017
22%
Godzilla Dominion Na Kika 2021
18%
Monarch: Legacy Of Monsters Mantleclaw 2023
16%
Godzilla X Kong: The Hunted Titan Hunter 2024
15%
Godzilla X Kong: The Hunted Spineprowler 2024
13%
Godzilla: King Of The Monsters Mokele Mbembe 2019
6%
No matching quizzes found
Score Distribution
Percent of People with Each Score
Percentile by Number Answered
Your Score History
You have not taken this quiz since the last reset